000 01327cam a22003853a 4500
003 OSt
005 20140310184523.0
008 040922s2004 nyu b 000 1 eng d
010 _a 2004719440
020 _a0439650364 (pbk.)
035 _a(OCoLC)ocm56554401
040 _aZAB
_cZAB
_dLEO
_dDLC
042 _alccopycat
050 0 0 _aPZ 7
_b.D121w49 2004
100 1 _aDadey, Debbie.
_94137
245 1 0 _aWerewolves don't run for president /
_cby Debbie Dadey and Marcia Thornton Jones ; illustrated by John Steven Gurney.
260 _aNew York :
_bScholastic,
_c2004.
300 _a81 p. :
_bill. ;
_c20 cm.
440 0 _aLittle apple
_94142
490 1 _aAdventures of the Bailey School kids ;
_v#49
521 _aG5
526 _c720
650 0 _aWerewolves
_vFiction
_929935
650 0 _aWerewolves
_vJuvenile fiction.
_929936
655 7 _aChildren's stories.
_2lcsh
_93012
655 7 _aMystery fiction.
_2gsafd
_94089
700 1 _aJones, Marcia Thornton.
_94140
710 2 _aCopyright Paperback Collection (Library of Congress)
_5DLC
_9705
800 1 _aDadey, Debbie.
_tAdventures of the Bailey School kids ;
_v#49.
_929937
906 _a7
_bcbc
_ccopycat
_d2
_encip
_f20
_gy-genrareb
942 _2lcc
_cBK-SCHOLAS
999 _c35070
_d35070